Overcrowded Designing Meaningful Products in a World Awash with Ideas

Salvato in:
Dettagli Bibliografici
Autore principale: Verganti, Roberto
Natura: Libro
Lingua:inglese
Pubblicazione: Cambridge <The> MIT Press 2016
Serie:Design Thinking, Design Theory
Soggetti:
Tags: Aggiungi Tag
Nessun Tag, puoi essere il primo ad aggiungerne!!

MARC

LEADER 00000nam a2200000 4500
001 0248743
005 20240306140403.6
020 |a 978-0-262-03536-1 
041 0 |a eng 
044 |a US 
245 1 0 |a Overcrowded  |b Designing Meaningful Products in a World Awash with Ideas  |c Roberto Verganti 
264 1 |a Cambridge  |b <The> MIT Press  |c 2016 
300 |a 246 s. 
490 1 |a Design Thinking, Design Theory 
830 0 |a Design Thinking, Design Theory 
610 2 0 |a myslenie ekonomické 
610 2 0 |a inovácia 
610 2 0 |a dizajn firemný 
610 2 0 |a produkty 
610 2 0 |a služby 
610 2 0 |a firmy 
610 2 0 |a kreativita 
610 2 0 |a projekty 
610 2 0 |a stratégia podniková 
100 1 |a Verganti, Roberto